United Nations Development Programme annual report 2009 (Record no. 78499)

MARC details
000 -LEADER
fixed length control field 00822nam a2200157 a 4500
008 - FIXED-LENGTH DATA ELEMENTS--GENERAL INFORMATION
fixed length control field 090831s2008 ||||||||||||||||| || u
050 ## - LIBRARY OF CONGRESS CALL NUMBER
Classification number UNDP(058)AR
110 ## - MAIN ENTRY--CORPORATE NAME
Corporate name or jurisdiction name as entry element United Nations Development Programme (UNDP)
245 10 - TITLE STATEMENT
Title United Nations Development Programme annual report 2009
Statement of responsibility, etc. by United Nations Development Programme (UNDP)
260 ## - PUBLICATION, DISTRIBUTION, ETC.
Place of publication, distribution, etc. New York:
Name of publisher, distributor, etc. The OPEC fund for International development
Date of publication, distribution, etc. 2008
300 ## - PHYSICAL DESCRIPTION
Extent 40p.: ill.
350 ## -
-- 0.00
650 ## - SUBJECT ADDED ENTRY--TOPICAL TERM
Topical term or geographic name entry element FINANCIAL REPORTS
995 ## -
-- SPECIAL COLLECTIONS
-- 0.00
-- 03006676
-- CBU-MAIN LIBRARY (Kitwe)
-- 1
-- 0.00
-- UNDP(058)AR/2009B
-- 2
-- AVAILABLE
-- Jun 25, 2010
-- 03006676
-- International Publications
995 ## -
-- SPECIAL COLLECTIONS
-- 0.00
-- 03004420
-- CBU-MAIN LIBRARY (Kitwe)
-- 1
-- 0.00
-- UNDP(058)AR/2009/A
-- 1
-- AVAILABLE
-- Aug 31, 2009
-- 03004420
-- International Publications
999 ## -
-- 78499
-- 78499
Holdings
Withdrawn status Lost status Source of classification or shelving scheme Damaged status Not for loan Permanent Location Current Location Shelving location Date acquired Total Checkouts Full call number Barcode Date last seen Copy number Price effective from Koha item type
          CBU-MAIN LIBRARY, KITWE. CBU-MAIN LIBRARY, KITWE.   05/17/2023   UNDP(058)AR/2009B 03006676 05/17/2023 1 05/17/2023 SPECIAL COLLECTION
          CBU-MAIN LIBRARY, KITWE. CBU-MAIN LIBRARY, KITWE.   05/17/2023   UNDP(058)AR/2009A 03004420 05/17/2023 2 05/17/2023 SPECIAL COLLECTION